Письмо наркома госбезопасности СССР В. Н. Меркулова И. В. Сталину, В. М. Молотову, С. К. Тимошенко о полученном агентурном сообщ...

RUSMARC
00003184cbm0a2200253#x 450
001dba9cf68-2101-425b-bbdb-c1b370d0789f
00520210826175227.0
100##$a20210825j194104##k###0rusy50 ca
1010#$arus
102##$aRU
105##$ay###z########
1220#$ad194104####
2001#$aПисьмо наркома госбезопасности СССР В. Н. Меркулова И. В. Сталину, В. М. Молотову, С. К. Тимошенко о полученном агентурном сообщении из Берлина о концентрации германских войск на границе с СССР
$jАпрель 1941 г.
251##$cДокумент
300##$aКопия
605##$2prlib_sh
$3LIBNET\UAF\0000088514
$aВторая мировая война в архивных документах (Комплекс оцифрованных архивных документов, кино- и фотоматериалов)
$lколлекция
617##$aСССР
$f1941
$2prlib_sh
617##$aГермания
$f1941
$2prlib_sh
801#0$aRU
$bПБ им. Б.Н. Ельцина
$c20210825
801#1$aRU
$bПБ им. Б.Н. Ельцина
$c20210825
$2rusmarc
801#2$aRU
$bПБ им. Б.Н. Ельцина
$c20210826
$2rusmarc
850##$aАрхив Службы внешней разведки России
852##$aАрхив СВР России
$jЛ. 250-250об.
8564#$nПБ им. Б.Н. Ельцина
$uhttp://readingroom.main.prlib.ru/item.aspx?id_node=n167603268&mode=full
035##$aLIBNET\0001179049
937##$d167603268
$hФедеральное архивное агентство
Формат отображения